[Event "Lazy Baltic Pearl op-A 21st"]
[Site "Lazy"]
[Date "2025.07.06"]
[Round "7"]
[White "Moczulski, Michal"]
[Black "Lonski, Aleksander"]
[Result "1-0"]
[WhiteElo "2147"]
[BlackElo "1962"]
[PlyCount "73"]
[EventDate "2025.06.30"]
[EventType "swiss"]
[EventRounds "9"]
[EventCountry "POL"]
[SourceTitle "CB28_2025"]
[SourceDate "2025.07.09"]
[SourceVersion "1"]
[SourceVersionDate "2025.07.09"]
[SourceQuality "1"]

1. e4 c5 2. c3 Nf6 3. e5 Nd5 4. d4 cxd4 5. Nf3 Nc6 6. cxd4 d6 7. Bc4 dxe5 8. dxe5 Ndb4 9. Qb3 e6 10. 0-0 Na5 11. Qa4+ Bd7 12. Bb5 Bxb5 13. Qxb5+ Nac6 14. Nc3 a6 15. Qe2 Be7 16. Rd1 Qa5 17. a3 Nd5 18. Nxd5 exd5 19. Bd2 Qa4 20. Bc3 Rd8 21. Nd4 Nxd4 22. Rxd4 Qc6 23. Rg4 0-0 24. e6 f6 25. Re1 Rde8 26. Qe3 Bc5 27. Qh6 Qc7 28. Bxf6 Bxf2+ 29. Kxf2 Rxf6+ 30. Qxf6 Rf8 31. Qxf8+ Kxf8 32. e7+ Ke8 33. Rg3 Qc5+ 34. Kf1 Qc4+ 35. Kg1 Qd4+ 36. Rge3 Qd2 37. Kf1 1-0

[Event "Lazy Baltic Pearl op-A 21st"]
[Site "Lazy"]
[Date "2025.06.30"]
[Round "1"]
[White "Moczulski, Michal"]
[Black "Pilat, Wieslaw"]
[Result "1-0"]
[WhiteElo "2147"]
[BlackElo "1874"]
[PlyCount "83"]
[EventDate "2025.06.30"]
[EventType "swiss"]
[EventRounds "9"]
[EventCountry "POL"]
[SourceTitle "CB28_2025"]
[SourceDate "2025.07.09"]
[SourceVersion "1"]
[SourceVersionDate "2025.07.09"]
[SourceQuality "1"]

1. e4 e5 2. Nf3 Nc6 3. Bb5 a6 4. Ba4 Nf6 5. 0-0 Be7 6. Re1 b5 7. Bb3 d6 8. c3 0-0 9. d4 Bg4 10. Be3 Na5 11. Bc2 Nc4 12. Bc1 c6 13. b3 Nb6 14. h3 Bxf3 15. Qxf3 Qc7 16. Nd2 c5 17. dxe5 dxe5 18. Nf1 Rfd8 19. Ng3 Ne8 20. Nf5 Bf8 21. a4 Nd6 22. a5 Nbc8 23. Qg3 f6 24. Ne3 Ne7 25. f4 exf4 26. Qxf4 Ng6 27. Qf2 Ne5 28. Nd5 Qf7 29. Bf4 Ra7 30. Be3 Rc8 31. Rad1 Rb7 32. Kh1 Qe6 33. Nf4 Qe8 34. Bxc5 Nxe4 35. Bxe4 Bxc5 36. Qc2 Rbb8 37. Bxh7+ Kh8 38. Qf5 Be7 39. Bg6 Nxg6 40. Nxg6+ Kh7 41. Qh5+ Kg8 42. Rxe7 1-0

[Event "POL-chT U20 1st League"]
[Site "Chotowa"]
[Date "2025.06.19"]
[Round "6.7"]
[White "Moczulski, Michal"]
[Black "Kutowski, Marcel"]
[Result "1/2-1/2"]
[WhiteElo "2116"]
[BlackElo "2230"]
[PlyCount "154"]
[EventDate "2025.06.14"]
[EventType "team-swiss"]
[EventRounds "9"]
[EventCountry "POL"]
[SourceTitle "CB26_2025"]
[SourceDate "2025.06.25"]
[SourceVersion "1"]
[SourceVersionDate "2025.06.25"]
[SourceQuality "1"]
[WhiteTeam "Myślenice"]
[BlackTeam "Chrzanow"]
[WhiteTeamCountry "POL"]
[BlackTeamCountry "POL"]

1. e4 c5 2. Nf3 e6 3. b3 Nc6 4. Bb5 Nge7 5. Bb2 a6 6. Bxc6 Nxc6 7. 0-0 b5 8. Na3 Bb7 9. c4 b4 10. Nc2 f6 11. Nh4 Qe7 12. f4 Qf7 13. Qg4 g6 14. Rae1 Be7 15. Qh3 Rg8 16. Ne3 0-0-0 17. Nf3 Rdf8 18. Ng4 Rh8 19. Nh6 Qe8 20. Kh1 Qd8 21. a3 Qb6 22. a4 a5 23. d3 Nd4 24. Bxd4 cxd4 25. f5 Bc5 26. Qg4 Qd6 27. fxe6 Qxe6 28. Qh4 d6 29. Nd2 Bb6 30. h3 Bc6 31. Rf3 Qe7 32. Rff1 Qg7 33. Ng4 h5 34. Nh2 Rf7 35. Qg3 Bc7 36. Nhf3 f5 37. exf5 gxf5 38. Qxg7 Rxg7 39. Re2 Rhg8 40. Rff2 Bb6 41. Nh4 Rg3 42. Ndf3 Bd7 43. Ne1 Re3 44. Nhf3 Rge8 45. Ng1 Bd8 46. Rxe3 dxe3 47. Rc2 f4 48. Ne2 Rf8 49. Nf3 Bc6 50. Rc1 Kd7 51. Rf1 Bb7 52. Nfd4 Bg5 53. Kh2 Bh6 54. Nf3 Ke8 55. Nfd4 Ke7 56. Kg1 Bg5 57. Nf3 Bh6 58. Nfd4 Rf6 59. Kh2 Kf7 60. Kg1 Ke8 61. Kh2 Kd7 62. Kg1 Rg6 63. Nf3 Rg8 64. Ne1 Rf8 65. Nf3 Ke6 66. Nfd4+ Ke5 67. Nf3+ Bxf3 68. Rxf3 h4 69. Rf1 d5 70. Rc1 Rc8 71. c5 Rc6 72. Kf1 Bf8 73. Ke1 d4 74. Rc4 Rxc5 75. Rxc5+ Bxc5 76. Kd1 Kf5 77. Kc2 Ke5 1/2-1/2

[Event "POL-chT U20 1st League"]
[Site "Chotowa"]
[Date "2025.06.15"]
[Round "2.19"]
[White "Moczulski, Michal"]
[Black "Komendecki, Antoni"]
[Result "0-1"]
[WhiteElo "2116"]
[BlackElo "2052"]
[PlyCount "90"]
[EventDate "2025.06.14"]
[EventType "team-swiss"]
[EventRounds "9"]
[EventCountry "POL"]
[SourceTitle "CB26_2025"]
[SourceDate "2025.06.25"]
[SourceVersion "1"]
[SourceVersionDate "2025.06.25"]
[SourceQuality "1"]
[WhiteTeam "Myślenice"]
[BlackTeam "Legnica Miedz"]
[WhiteTeamCountry "POL"]
[BlackTeamCountry "POL"]

1. e4 c5 2. Nf3 Nf6 3. e5 Nd5 4. c3 Nc6 5. d4 cxd4 6. cxd4 d6 7. Bc4 e6 8. 0-0 Be7 9. Qe2 0-0 10. Rd1 Nb6 11. Bb3 Bd7 12. Nc3 d5 13. Bc2 f5 14. exf6 Bxf6 15. Bf4 a6 16. Bg3 Qe7 17. Re1 Be8 18. Qd2 Bh5 19. Ne5 Bxe5 20. dxe5 Nc4 21. Qc1 Nb4 22. a3 Nxc2 23. Qxc2 Bg6 24. Qe2 Rac8 25. Rac1 b5 26. Qg4 Bf5 27. Qd4 Qc5 28. Qxc5 Rxc5 29. Ne2 Rfc8 30. b4 R5c7 31. Ra1 Nb2 32. Nd4 g6 33. h3 Rc4 34. Nb3 d4 35. Re2 Bc2 36. Nc5 d3 37. Rd2 Rc3 38. Ne4 Nc4 39. Bf4 Rxa3 40. Rxa3 Nxa3 41. Nd6 Rc4 42. Nxc4 bxc4 43. f3 c3 44. Rf2 Nc4 45. Kf1 d2 0-1

[Event "POL-chT U20 1st League"]
[Site "Chotowa"]
[Date "2025.06.14"]
[Round "1.19"]
[White "Stepinski, Piotr"]
[Black "Moczulski, Michal"]
[Result "1/2-1/2"]
[WhiteElo "2135"]
[BlackElo "2116"]
[PlyCount "105"]
[EventDate "2025.06.14"]
[EventType "team-swiss"]
[EventRounds "9"]
[EventCountry "POL"]
[SourceTitle "CB26_2025"]
[SourceDate "2025.06.25"]
[SourceVersion "1"]
[SourceVersionDate "2025.06.25"]
[SourceQuality "1"]
[WhiteTeam "Bełchatow Jedynka"]
[BlackTeam "Myślenice"]
[WhiteTeamCountry "POL"]
[BlackTeamCountry "POL"]

1. e4 c5 2. Nf3 e6 3. d4 cxd4 4. Nxd4 Nc6 5. Nc3 Qc7 6. Be3 a6 7. Be2 Nf6 8. 0-0 b5 9. Nxc6 dxc6 10. f4 Bb7 11. e5 Nd5 12. Nxd5 cxd5 13. c3 Be7 14. Bd4 0-0 15. Kh1 Bc5 16. Bd3 g6 17. Qd2 Qb6 18. Qe3 Bxd4 19. cxd4 Rac8 20. g4 Rc4 21. Bxc4 dxc4+ 22. Kg1 Qc6 23. Qg3 Rd8 24. Rad1 b4 25. f5 c3 26. fxe6 Qxe6 27. bxc3 bxc3 28. Qxc3 Qxg4+ 29. Qg3 Qe4 30. Rfe1 Qd5 31. Rd2 Rc8 32. Rf1 Rc4 33. h3 Rxd4 34. Rxd4 Qxd4+ 35. Kh2 Qb2+ 36. Rf2 Qa1 37. Qe3 Qh1+ 38. Kg3 Qg1+ 39. Kh4 Bd5 40. a3 h6 41. Re2 g5+ 42. Kh5 Qb1 43. Kg4 Qf1 44. Kg3 Be6 45. Kh2 Bd5 46. Rd2 Qh1+ 47. Kg3 Be6 48. Rh2 Qd1 49. h4 Qg4+ 50. Kf2 Qf5+ 51. Kg3 Qg4+ 52. Kf2 Qf5+ 53. Kg3 1/2-1/2

[Event "Katowice rapid op"]
[Site "Katowice"]
[Date "2025.05.31"]
[Round "2"]
[White "Piesik, Piotr"]
[Black "Moczulski, Michal"]
[Result "1-0"]
[WhiteElo "2377"]
[BlackElo "1987"]
[PlyCount "86"]
[EventDate "2025.05.31"]
[EventType "swiss"]
[EventRounds "11"]
[EventCountry "POL"]
[SourceTitle "CB24_2025"]
[SourceDate "2025.06.11"]
[SourceVersion "1"]
[SourceVersionDate "2025.06.11"]
[SourceQuality "1"]

1. Nf3 Nf6 2. g3 b5 3. Bg2 Bb7 4. 0-0 e6 5. d3 c5 6. e4 d6 7. a4 b4 8. Nbd2 Be7 9. Ne1 0-0 10. e5 Nd5 11. exd6 Bxd6 12. Nc4 Be7 13. a5 Na6 14. Nf3 Bf6 15. Nfe5 Qc7 16. Re1 Rad8 17. h4 Bxe5 18. Rxe5 Nb8 19. Re1 Nd7 20. h5 h6 21. Qg4 N7f6 22. Qh4 Qc8 23. Bd2 Ne7 24. Bxb7 Qxb7 25. a6 Qf3 26. Re3 Qxh5 27. Qxh5 Nxh5 28. Re5 Rd5 29. Ra5 Rc8 30. Rb5 Nf6 31. Rb7 Nc6 32. Rxd5 Nxd5 33. Nd6 Rc7 34. c4 bxc3 35. bxc3 Rxb7 36. axb7 Kf8 37. Ne4 Nb8 38. Nxc5 Ke7 39. c4 Nc7 40. Bf4 Kd8 41. Kf1 f6 42. Bd6 a5 43. Ke2 Ke8 1-0

[Event "Bialystok Zamenhof Memorial 43rd"]
[Site "Bialystok"]
[Date "2024.12.31"]
[Round "9"]
[White "Moczulski, Michal"]
[Black "Smetek, Michal"]
[Result "1/2-1/2"]
[WhiteElo "1977"]
[BlackElo "2157"]
[PlyCount "63"]
[EventDate "2024.12.27"]
[EventType "swiss"]
[EventRounds "9"]
[EventCountry "POL"]
[SourceTitle "CB02_2025"]
[SourceDate "2025.01.08"]
[SourceVersion "1"]
[SourceVersionDate "2025.01.08"]
[SourceQuality "1"]

1. e4 e6 2. d4 d5 3. Nd2 Nf6 4. e5 Nfd7 5. Bd3 c5 6. c3 b6 7. Ne2 Ba6 8. Bxa6 Nxa6 9. 0-0 Be7 10. f4 f5 11. exf6 Bxf6 12. f5 Nc7 13. fxe6 Nxe6 14. Nf3 0-0 15. dxc5 Ndxc5 16. Be3 Qd7 17. Ned4 Rae8 18. Nxe6 Qxe6 19. Bd4 Bxd4+ 20. Qxd4 Qe3+ 21. Qxe3 Rxe3 22. Rfe1 Re4 23. Rad1 Rfe8 24. Kf1 Na4 25. Rd2 Rxe1+ 26. Nxe1 Re4 27. Nf3 Kf8 28. Nd4 a6 29. Nc6 a5 30. Nd4 Ke7 31. Nb5 Re5 32. Nd4 1/2-1/2

[Event "Bialystok Zamenhof Memorial 43rd"]
[Site "Bialystok"]
[Date "2024.12.30"]
[Round "8"]
[White "Lewtak, Damian"]
[Black "Moczulski, Michal"]
[Result "1-0"]
[WhiteElo "2359"]
[BlackElo "1977"]
[PlyCount "59"]
[EventDate "2024.12.27"]
[EventType "swiss"]
[EventRounds "9"]
[EventCountry "POL"]
[SourceTitle "CB02_2025"]
[SourceDate "2025.01.08"]
[SourceVersion "1"]
[SourceVersionDate "2025.01.08"]
[SourceQuality "1"]

1. d4 Nf6 2. c3 g6 3. g3 Bg7 4. Bg2 d5 5. Nd2 0-0 6. Ngf3 c5 7. dxc5 a5 8. a4 Na6 9. Nb3 Ne4 10. Be3 e5 11. Nfd2 Nxd2 12. Qxd2 Be6 13. Ra3 f5 14. 0-0 f4 15. gxf4 d4 16. cxd4 Bxb3 17. dxe5 Qxd2 18. Bxd2 Bc4 19. Rc1 Bxe2 20. Bxb7 Ra7 21. c6 Nc7 22. Be3 Raa8 23. Bb6 Nd5 24. Bxa8 Rxa8 25. c7 Nxb6 26. Rb3 Bg4 27. Rxb6 Rc8 28. Rb8 Kf7 29. Rxc8 Bxc8 30. Rd1 1-0

[Event "Ustron op-B"]
[Site "Ustron"]
[Date "2024.08.17"]
[Round "9"]
[White "Moczulski, Michal"]
[Black "Kozak, Karol"]
[Result "1/2-1/2"]
[WhiteElo "2052"]
[BlackElo "1901"]
[PlyCount "76"]
[EventDate "2024.08.09"]
[EventType "swiss"]
[EventRounds "9"]
[EventCountry "POL"]
[SourceTitle "EXT 2025"]
[Source "ChessBase"]
[SourceDate "2024.10.14"]
[SourceVersion "1"]
[SourceVersionDate "2024.10.14"]
[SourceQuality "1"]

1. e4 c5 2. c3 e5 3. Nf3 Nc6 4. Bc4 Nf6 5. Ng5 d5 6. exd5 Nxd5 7. Qf3 Be6 8. Nxe6 fxe6 9. 0-0 Qd7 10. d3 0-0-0 11. Nd2 Be7 12. Ne4 Rdf8 13. Qe2 Kb8 14. Be3 b6 15. a4 Nf4 16. Qc2 Na5 17. Rfd1 Nxc4 18. dxc4 Qb7 19. a5 Rd8 20. axb6 axb6 21. f3 Rxd1+ 22. Rxd1 Rd8 23. g3 Rxd1+ 24. Qxd1 Ng6 25. Qa4 Qa7 26. Qxa7+ Kxa7 27. h4 Kb7 28. Kf2 Kc6 29. Bg5 h6 30. h5 Bxg5 31. Nxg5 hxg5 32. hxg6 Kd6 33. Ke3 Ke7 34. g4 e4 35. Kxe4 Kf6 36. b3 Ke7 37. Ke5 Kd7 38. b4 Ke7 1/2-1/2

[Event "Ustron op-B"]
[Site "Ustron"]
[Date "2024.08.09"]
[Round "1"]
[White "Moczulski, Michal"]
[Black "Ladon, Tymoteusz"]
[Result "1-0"]
[WhiteElo "2052"]
[BlackElo "1809"]
[PlyCount "43"]
[EventDate "2024.08.09"]
[EventType "swiss"]
[EventRounds "9"]
[EventCountry "POL"]
[SourceTitle "EXT 2025"]
[Source "ChessBase"]
[SourceDate "2024.10.14"]
[SourceVersion "1"]
[SourceVersionDate "2024.10.14"]
[SourceQuality "1"]

1. e4 c5 2. Nf3 Nc6 3. Bb5 g6 4. c3 Bg7 5. d4 cxd4 6. cxd4 Qb6 7. Nc3 Bxd4 8. Nxd4 Qxd4 9. Qe2 Nf6 10. f4 e5 11. Be3 Qd6 12. Rd1 Qe7 13. fxe5 Qxe5 14. 0-0 Nxe4 15. Nxe4 Qxe4 16. Bxc6 bxc6 17. Qf2 0-0 18. Bh6 Qe7 19. Rde1 Qd8 20. Re8 Qxe8 21. Qf6 Qe3+ 22. Bxe3 1-0

[Event "Lazy Baltic Pearl op-A 20th"]
[Site "Lazy"]
[Date "2024.06.30"]
[Round "9"]
[White "Moczulski, Michal"]
[Black "Zeissel, Andrzej"]
[Result "1-0"]
[WhiteElo "1830"]
[BlackElo "2033"]
[PlyCount "73"]
[EventDate "2024.06.24"]
[EventType "swiss"]
[EventRounds "9"]
[EventCountry "POL"]
[SourceTitle "CBM 220 Extra"]
[Source "ChessBase"]
[SourceDate "2024.07.31"]
[SourceVersion "1"]
[SourceVersionDate "2024.07.31"]
[SourceQuality "1"]

1. e4 e5 2. Nf3 Nc6 3. Bb5 Nge7 4. c3 Ng6 5. h4 h5 6. d4 exd4 7. cxd4 d5 8. Qa4 Bd7 9. exd5 Nb4 10. 0-0 Nxd5 11. Nc3 Nb6 12. Qc2 Bxb5 13. Nxb5 c6 14. Bg5 Be7 15. Bxe7 Nxe7 16. Nc3 Qd7 17. Ne4 0-0-0 18. a4 Nbd5 19. a5 Rh6 20. Nc5 Qc7 21. Rfe1 Nf4 22. Qe4 Ned5 23. Qf5+ Kb8 24. Ne5 Ne6 25. Qxf7 Nxc5 26. dxc5 Rf6 27. Qxc7+ Kxc7 28. Nf3 Rdf8 29. Re5 Nf4 30. Re3 Nd5 31. Re4 Nf4 32. Ng5 Rf5 33. g3 Rxg5 34. hxg5 Nh3+ 35. Kg2 Nxf2 36. Re7+ Kd8 37. Rxb7 1-0

[Event "Lazy Baltic Pearl op-A 20th"]
[Site "Lazy"]
[Date "2024.06.24"]
[Round "1"]
[White "Moczulski, Michal"]
[Black "Sawicki, Dorian"]
[Result "1/2-1/2"]
[WhiteElo "1830"]
[BlackElo "2011"]
[PlyCount "51"]
[EventDate "2024.06.24"]
[EventType "swiss"]
[EventRounds "9"]
[EventCountry "POL"]
[SourceTitle "CBM 220 Extra"]
[Source "ChessBase"]
[SourceDate "2024.07.31"]
[SourceVersion "1"]
[SourceVersionDate "2024.07.31"]
[SourceQuality "1"]

1. e4 c5 2. Nf3 e6 3. b3 Nc6 4. Bb2 a6 5. c4 d6 6. Nc3 Nf6 7. d4 cxd4 8. Nxd4 Be7 9. g3 0-0 10. Bg2 Qc7 11. 0-0 Nd7 12. Rc1 Qb8 13. Kh1 Bf6 14. Nxc6 bxc6 15. Qd2 c5 16. Na4 Bxb2 17. Nxb2 Rd8 18. Rfd1 Ne5 19. Nd3 Nxd3 20. Qxd3 Bb7 21. Qe3 e5 22. Rd2 Qc7 23. Rcd1 a5 24. a4 Ra6 25. Rd3 f6 26. Qd2 1/2-1/2

[Event "Katowice POL-HUN 10th"]
[Site "Katowice"]
[Date "2023.09.09"]
[Round "3"]
[White "Moczulski, Michal"]
[Black "Suliborski, Jakub"]
[Result "0-1"]
[WhiteElo "1736"]
[BlackElo "2218"]
[PlyCount "118"]
[EventDate "2023.09.09"]
[EventType "swiss (rapid)"]
[EventRounds "9"]
[EventCountry "POL"]
[SourceTitle "CBM 216 Extra"]
[Source "ChessBase"]
[SourceDate "2023.11.30"]
[SourceVersion "1"]
[SourceVersionDate "2023.11.30"]
[SourceQuality "1"]

1. e4 c5 2. c3 d5 3. exd5 Nf6 4. d4 Nxd5 5. Nf3 e6 6. Bd3 Nc6 7. 0-0 Be7 8. Re1 0-0 9. Be3 cxd4 10. cxd4 Nxe3 11. fxe3 e5 12. d5 Nb4 13. Nc3 Bd6 14. a3 Nxd3 15. Qxd3 f5 16. Nd2 e4 17. Qd4 Qh4 18. Nf1 Bd7 19. Qd2 Qe7 20. Ne2 Rac8 21. Rac1 Qe5 22. Qd4 Bb5 23. Qxe5 Bxe5 24. Nc3 Bd3 25. Ng3 Rcd8 26. Nge2 g5 27. Rcd1 Rf6 28. g3 Rfd6 29. Nd4 Bxd4 30. exd4 Rc8 31. Kf2 Rb6 32. Rd2 Rf6 33. Rxd3 exd3 34. Re5 Rb6 35. Nd1 Rc2+ 36. Ke3 Rxh2 37. Kxd3 Rg2 38. Rxf5 Rxg3+ 39. Kc4 Rg6 40. Kc5 b6+ 41. Kb5 Rd3 42. Nc3 Rxd4 43. Ka6 g4 44. Kxa7 g3 45. Rf1 g2 46. Rg1 h5 47. Ne2 Rxd5 48. Nf4 Rg7+ 49. Kxb6 Rf5 50. Rxg2 Rxf4 51. Rh2 Rg5 52. Rc2 Rf6+ 53. Kb7 Rg7+ 54. Kb8 Rf8+ 55. Rc8 h4 56. a4 h3 57. a5 h2 58. a6 Rxc8+ 59. Kxc8 h1Q 0-1